00483nam a2200145Ia 4500008004100000041000800041082001200049100001800061245003500079260004500114300003200159365001100191999001700202952011800219240624s9999 xx 000 0 und d aeng a413 WAL aWALLACE SUSAN aOXFORD DICTIONARY OF EDUCATION c2009aNew DelhibOxford University Press aviii, : 335 : p. : cm. ; 19 cRSb32 c19095d19095 00104070aIMTNbIMTNcRack 15-Bd2012-05-16eAPg310.00o413 WALp19095r2024-06-24 00:00:00t1w2024-06-24yBK